000 00532nmm a2200169Ia 4500
008 251105s9999||||xx |||||||||||||||||und||
020 _a9789586486521
041 _aspa
100 _aBerghe Romero, Edgar van den
245 0 _aGestión y gerencia empresariales : aplicadas al siglo XXI
264 _a[Bogotá, Colombia] :
_bEcoe Ediciones,
_c2010
300 _a356 páginas
490 _aCiencias Administrativas
650 _aEconomics and Business
856 _uhttps://public.digitaliapublishing.com/a/29966
942 _cCF
999 _c95302
_d95302